UBT Library

Raving fans : (Record no. 1316)

000 -LEADER
fixed length control field 00677nam a22002177a 4500
008 - FIXED-LENGTH DATA ELEMENTS--GENERAL INFORMATION
fixed length control field 151019b xxu||||| |||| 00| 0 eng d
020 ## - INTERNATIONAL STANDARD BOOK NUMBER
International Standard Book Number 0688123163 :
020 ## - INTERNATIONAL STANDARD BOOK NUMBER
International Standard Book Number 9780688123161
041 0# - LANGUAGE CODE
Language code of text/sound track or separate title eng
080 ## - UNIVERSAL DECIMAL CLASSIFICATION NUMBER
Universal Decimal Classification number 658.8
100 1# - Rafti
Rafti Blanchard, Kenneth H.
245 10 - TITLE STATEMENT
Title Raving fans :
Statement of responsibility, etc Kenneth Blanchard, Sheldon M. Bowles ; foreword by Harvey Mackay.
250 ## -
-- 1st ed.
260 ## -
-- New York :
-- Morrow,
-- 1993.
300 ## -
-- xii, 137 f. ;
-- 22 cm.
650 #0 -
-- Shërbimet e konsumatorëve
650 #0 -
-- Sjellja konsumatore
650 #0 -
-- Marrëdhëniet me publikun
700 1# -
-- Bowles, Sheldon M.
942 ## - ADDED ENTRY ELEMENTS (KOHA)
Source of classification or shelving scheme
Item type Books
Holdings
Withdrawn status Lost status Source of classification or shelving scheme Damaged status Not for loan Collection code Permanent location Current location Shelving location Date acquired Total Checkouts Full call number Barcode Date last seen Price effective from Koha item type
          Koleksioni i përgjithshem UBT - Lipjan UBT - Lipjan Koleksioni i përgjithshem 10/19/2015   658.8 BLA 002-008413 10/19/2015 10/19/2015 Books
          Koleksioni i përgjithshem UBT - Lipjan UBT - Lipjan Koleksioni i përgjithshem 10/19/2015   658.8 BLA 002-008412 10/19/2015 10/19/2015 Books
          Koleksioni i përgjithshem UBT - Lipjan UBT - Lipjan Koleksioni i përgjithshem 10/19/2015   658.8 BLA 002-008411 10/19/2015 10/19/2015 Books
          Koleksioni i përgjithshem UBT - Lipjan UBT - Lipjan Koleksioni i përgjithshem 10/19/2015   658.8 BLA 002-008410 10/19/2015 10/19/2015 Books
          Koleksioni i përgjithshem UBT - Lipjan UBT - Lipjan Koleksioni i përgjithshem 10/20/2017   338 MAC 002-2934018 10/20/2017 10/20/2017 Books
          Koleksioni i përgjithshem UBT - Lipjan UBT - Lipjan Koleksioni i përgjithshem 03/15/2018   658 BLA 002-3001910 03/15/2018 03/15/2018 Books
UBT Library © 2015-2024. All rights reserved University Education for Business and Technology